Coimbra del Barranco Ancho (Record no. 189892)

MARC details
000 -LEADER
campo de control de longitud fija 01279nam a2200289 i 4500
001 - NÚMERO DE CONTROL
campo de control 189892
003 - IDENTIFICADOR DE NÚMERO DE CONTROL
campo de control SpMaBN
005 - FECHA Y HORA DE LA ÚLTIMA TRANSACCIÓN
campo de control 20250630225925.0
008 - DATOS DE LONGITUD FIJA--INFORMACIÓN GENERAL
campo de control de longitud fija 191218s1976 sp af |||| | spa d
020 ## - NÚMERO INTERNACIONAL ESTÁNDAR DEL LIBRO
Número Internacional Estándar del Libro 84-00-03524-0
080 ## - NÚMERO DE LA CLASIFICACIÓN DECIMAL UNIVERSAL
Número de la Clasificación Decimal Universal 904(365 Murcia)
100 1# - ENTRADA PRINCIPAL--NOMBRE DE PERSONA
Nombre de persona Molina García, Jerónimo.
9 (RLIN) 169172
245 10 - MENCIÓN DEL TÍTULO
Título Coimbra del Barranco Ancho
Resto del título : [Jumilla-Murcia] /
Mención de responsabilidad, etc. por J. Molina Garcia, M. de la C. Molina Gunde [i.e. Grande] y S. Nordstrom.
260 ## - PUBLICACIÓN, DISTRIBUCIÓN, ETC.
Lugar de publicación, distribución, etc. Valencia :
Nombre del editor, distribuidor, etc. [Institución Alfonso El Magnánimo],
Fecha de publicación, distribución, etc. 1976.
300 ## - DESCRIPCIÓN FÍSICA
Extensión 97 p., 1 h., XXVIII lám. :
Otras características físicas il. ;
Dimensiones 27 cm.
490 1# - MENCIÓN DE SERIE
Mención de serie Serie de trabajos varios ;
Designación de volumen o secuencia 52
594 ## - Nota al título y mención de responsabilidad
Nota al título y mención de responsabilidad Precede al tít.: Servicio de Investigación Prehistórica, Diputación Provincial de Valencia.
651 #7 - PUNTO DE ACCESO ADICIONAL DE MATERIA--NOMBRE GEOGRÁFICO
Nombre geográfico Coimbra del Barranco Ancho (Murcia, Yacimiento)
9 (RLIN) 169173
651 #7 - PUNTO DE ACCESO ADICIONAL DE MATERIA--NOMBRE GEOGRÁFICO
Nombre geográfico Jumilla-
Subdivisión general Restos arqueológicos.
9 (RLIN) 169174
651 #7 - PUNTO DE ACCESO ADICIONAL DE MATERIA--NOMBRE GEOGRÁFICO
Nombre geográfico Murcia (Comunidad Autónoma)-
Subdivisión general Restos arqueológicos ibéricos.
9 (RLIN) 169175
700 1# - ENTRADA AGREGADA--NOMBRE PERSONAL
Nombre de persona Molina Grande, María Concepción.
9 (RLIN) 169176
700 1# - ENTRADA AGREGADA--NOMBRE PERSONAL
Nombre de persona Nordström, Solveig.
9 (RLIN) 193458
710 2# - ENTRADA AGREGADA--NOMBRE DE ENTIDAD CORPORATIVA
Nombre de entidad corporativa o nombre de jurisdicción como elemento de entrada Servicio de Investigación Prehistórica (Valencia)
9 (RLIN) 169161
830 00 - PUNTO DE ACCESO ADICIONAL DE SERIE-TÍTULO UNIFORME
Título uniforme Serie de trabajos varios
Designación de volumen o secuencia 52
9 (RLIN) 187022
852 ## - LOCALIZACIÓN
Ubicación ES-MaACL
Número de control de estantería L-32475
Nota libre . - Donat. Viuda Antonio Tovar
Holdings
Estatus retirado Estado de pérdida Estado de daño No para préstamo Biblioteca de origen Biblioteca actual Ubicación en estantería Fecha de adquisición Fuente de adquisición Total de préstamos Signatura topográfica completa Código de barras Visto por última vez Precio de reemplazo Tipo de ítem Koha
        Biblioteca del Ateneo de Madrid Biblioteca del Ateneo de Madrid Depósito 2 18/12/2019     L-32475 1201426 23/02/2023 23/02/2023 Libro impreso